The new communications / (Record no. 308)

000 -LEADER
fixed length control field nam a22 7a 4500
005 - DATE AND TIME OF LATEST TRANSACTION
control field 20170503104627.0
008 - FIXED-LENGTH DATA ELEMENTS--GENERAL INFORMATION
fixed length control field 170503b1933 xxu||||| |||| 00| 0 eng d
020 ## - INTERNATIONAL STANDARD BOOK NUMBER
International Standard Book Number 0534029450
040 ## - CATALOGING SOURCE
Original cataloging agency AKMAL
100 ## - MAIN ENTRY--PERSONAL NAME
Personal name Williams, Frederick
Dates associated with a name 1933
9 (RLIN) 699
245 ## - TITLE STATEMENT
Title The new communications /
Statement of responsibility, etc. Frederick Williams.
260 ## - PUBLICATION, DISTRIBUTION, ETC.
Place of publication, distribution, etc. Belmont, CA
Name of publisher, distributor, etc. Wadsworth
Date of publication, distribution, etc. 1984.
300 ## - PHYSICAL DESCRIPTION
Dimensions cm
599 ## - LOCAL NOTE
Local Note DALAM PROSES
852 ## - LOCATION
Location British Library
Sublocation or collection DSC
942 ## - ADDED ENTRY ELEMENTS (KOHA)
Source of classification or shelving scheme
Koha item type Book
Holdings
Withdrawn status Lost status Source of classification or shelving scheme Damaged status Not for loan Collection code Home library Current library Shelving location Date acquired Inventory number Total Checkouts Barcode Date last seen Price effective from Koha item type
          NON-FICTION AKMAL Melaka AKMAL Melaka PINJAMAN 03.05.2017 000388   201701162 03.05.2017 03.05.2017 Book
Pusat Sumber Maklumat Dato' Haji Sarmin Md Hussin, Akademi Kastam Diraja Malaysia, Melaka
Tel: 06-2331106 | Faks: 06-2313787